European Countries Containing B - Statistics

General Stats
  • This quiz has been taken 128 times
    118 since last reset
  • The average score is 7 of 8
Answer Stats
Answer % Correct
Belarus
98%
Belgium
97%
Bosnia and Herzegovina
95%
Bulgaria
91%
Serbia
88%
Albania
87%
Luxembourg
77%
Czech Republic
68%
No matching quizzes found
Score Distribution
Percent of People with Each Score
Percentile by Number Answered
Your Score History
You have not taken this quiz since the last reset